World refugee survey 1994 (Record no. 2733)

MARC details
000 -LEADER
fixed length control field 003040000a22001210004500
008 - FIXED-LENGTH DATA ELEMENTS--GENERAL INFORMATION
fixed length control field 230817t1994 ||||| |||| 00| 0 eng d
022 ## - INTERNATIONAL STANDARD SERIAL NUMBER
ISSN 01975439
942 ## - ADDED ENTRY ELEMENTS (KOHA)
Item Type Periodicals
245 ## - TITLE STATEMENT
Title World refugee survey 1994
260 ## - PUBLICATION, DISTRIBUTION, ETC. (IMPRINT)
Place of Publication Washington:
Name of Publisher U.S. Committee for Refugees,
Date of Copyright 1994
300 ## - PHYSICAL DESCRIPTION
Physical Details 176 p.
650 ## - SUBJECT ADDED ENTRY--TOPICAL TERM
Topical Term REFUGEES
Holdings
Withdrawn status Lost status Source of classification or shelving scheme Damaged status Not for loan Permanent location Current location Date acquired Total Checkouts Full call number Barcode Date last seen Price effective from Koha item type
    Dewey Decimal Classification     Resource center, Muslim Women's Research And Action Forum Resource center, Muslim Women's Research And Action Forum 2023-08-17   362.8705 UNI RAF3773 2023-08-17 2023-08-17 Periodicals

Copyright © 2023 Muslim Women's Research and Action Forum (MWRAF), No 27/3, Anderson Road, Kalubowila, Dehiwela. Funded by The Asia Fundation